[Event "43rd Guernsey International Open"]
[Site "?"]
[Date "2017.10.17"]
[Round "3"]
[White "Van Hoek, Wim"]
[Black "Rowe, Peter"]
[Result "0-1"]
[WhiteElo "1907"]
[BlackElo "1974"]
[PlyCount "62"]
[EventDate "2017.10.15"]
[EventType "swiss"]
[EventRounds "7"]
[SourceDate "2017.11.01"]
[SourceVersionDate "2017.11.01"]

1. e3 d6 2. d4 g6 3. f4 Bg7 4. Nf3 Nf6 5. Bd3 c5 6. c3 Nc6 7. dxc5 dxc5 8. Qe2
Bg4 9. O-O e5 10. e4 O-O 11. h3 Bxf3 12. Qxf3 exf4 13. Bxf4 Nh5 14. Rd1 Nxf4
15. Qxf4 c4 16. Be2 Qb6+ 17. Kh1 Qxb2 18. Nd2 Be5 19. Qf1 b5 20. Rab1 Qxc3 21.
Rxb5 Qg3 22. Nf3 c3 23. Nxe5 Nxe5 24. Rdd5 Rae8 25. Rbc5 Qe3 26. Qd1 Rc8 27.
Rxc8 Rxc8 28. Qc2 Rc5 29. Rd1 Kg7 30. Rc1 Nc6 31. Bf3 Nb4 0-1

[Event "43rd Guernsey International Open"]
[Site "?"]
[Date "2017.10.17"]
[Round "3"]
[White "Von Saldern, Ruediger"]
[Black "Hoogland, Rob"]
[Result "0-1"]
[WhiteElo "1894"]
[BlackElo "1915"]
[PlyCount "68"]
[EventDate "2017.10.15"]
[EventType "swiss"]
[EventRounds "7"]
[SourceDate "2017.11.01"]
[SourceVersionDate "2017.11.01"]

1. d4 d5 2. Nf3 c6 3. c4 Nf6 4. Nc3 dxc4 5. a4 Bf5 6. Ne5 e6 7. e3 Nbd7 8. Nxc4
Qc7 9. Be2 Be7 10. O-O O-O 11. Bf3 e5 12. e4 Bg6 13. Be3 Rad8 14. Qb3 exd4 15.
Bxd4 Nc5 16. Bxc5 Bxc5 17. Rac1 Nd7 18. a5 Rfe8 19. Rfe1 Ne5 20. Nxe5 Rxe5 21.
a6 b6 22. Rcd1 h5 23. Rxd8+ Qxd8 24. Rd1 Qc8 25. Qc4 Kh7 26. b4 b5 27. Qb3 Be7
28. Qa3 Qf8 29. Rb1 f5 30. exf5 Bxf5 31. Rc1 Bxb4 32. Qa1 Ba3 33. Rf1 Bd3 34.
Rd1 Bc2 0-1

[Event "43rd Guernsey International Open"]
[Site "?"]
[Date "2017.10.17"]
[Round "3"]
[White "Burton, Ronnie"]
[Black "Plug, Arjan"]
[Result "1/2-1/2"]
[WhiteElo "1911"]
[BlackElo "1814"]
[PlyCount "118"]
[EventDate "2017.10.15"]
[EventType "swiss"]
[EventRounds "7"]
[SourceDate "2017.11.01"]
[SourceVersionDate "2017.11.01"]

1. c4 e5 2. g3 Nc6 3. Bg2 g6 4. Nc3 Bg7 5. a3 d6 6. e3 Nge7 7. Nge2 O-O 8. O-O
Be6 9. Nd5 Qd7 10. Rb1 Nd8 11. d4 c6 12. Nxe7+ Qxe7 13. d5 cxd5 14. cxd5 Bf5
15. e4 Bd7 16. Be3 b6 17. Qd2 Nb7 18. b4 f5 19. f3 fxe4 20. fxe4 Rxf1+ 21. Rxf1
Rf8 22. Rc1 Rc8 23. Rc3 Rxc3 24. Qxc3 Qf8 25. Qc7 Qc8 26. Qxc8+ Bxc8 27. Nc3
Bd7 28. Bf1 Kf7 29. Ba6 Nd8 30. a4 Ke8 31. a5 Bf6 32. axb6 axb6 33. Bxb6 Bg5
34. Kf2 Bd2 35. Na2 Bg4 36. Be3 Bxe3+ 37. Kxe3 Kd7 38. Nc3 Kc7 39. Be2 Bxe2 40.
Kxe2 Kb6 41. Kf3 Nf7 42. h4 Nh6 43. g4 Nf7 44. g5 Nd8 45. Kg3 Nf7 46. Kf3 Nd8
47. Nd1 Kb5 48. Ne3 Kxb4 49. Ng4 Nf7 50. Nf6 h6 51. gxh6 Nxh6 52. Nd7 Ng8 53.
Kg4 Kc4 54. Kg5 Kd4 55. Kxg6 Kxe4 56. Nf6+ Nxf6 57. Kxf6 Kxd5 58. h5 e4 59. h6
e3 1/2-1/2

[Event "43rd Guernsey International Open"]
[Site "?"]
[Date "2017.10.17"]
[Round "3"]
[White "Magnussen, Pal"]
[Black "Hickman, John E"]
[Result "1/2-1/2"]
[WhiteElo "1867"]
[BlackElo "1910"]
[PlyCount "36"]
[EventDate "2017.10.15"]
[EventType "swiss"]
[EventRounds "7"]
[SourceDate "2017.11.01"]
[SourceVersionDate "2017.11.01"]

1. e4 e5 2. Nf3 Nc6 3. Bc4 Be7 4. O-O Nf6 5. Re1 O-O 6. c3 Nxe4 7. Bd5 Nf6 8.
Bxc6 dxc6 9. Nxe5 Bd6 10. d4 Re8 11. Bf4 Nd5 12. Bg3 f6 13. Nf3 Bg4 14. Nbd2
Rxe1+ 15. Qxe1 Qd7 16. Bxd6 cxd6 17. Qf1 Re8 18. Re1 Rxe1 1/2-1/2

[Event "43rd Guernsey International Open"]
[Site "?"]
[Date "2017.10.17"]
[Round "3"]
[White "Spanton, Timothy R"]
[Black "Kozlowski, Thierry"]
[Result "0-1"]
[WhiteElo "1858"]
[BlackElo "2002"]
[PlyCount "54"]
[EventDate "2017.10.15"]
[EventType "swiss"]
[EventRounds "7"]
[SourceDate "2017.11.01"]
[SourceVersionDate "2017.11.01"]

1. c4 Nf6 2. Nc3 c5 3. g3 e6 4. Nf3 b6 5. Bg2 Bb7 6. O-O Be7 7. d4 cxd4 8. Nxd4
Bxg2 9. Kxg2 Qc7 10. Ncb5 Qxc4 11. Bf4 Na6 12. Nd6+ Bxd6 13. Bxd6 Ne4 14. Ba3
d6 15. Rc1 Qd5 16. Qa4+ Ke7 17. Nf3 Nac5 18. Bxc5 dxc5 19. Rc4 b5 20. Qxb5 Nd6
21. Qxc5 Qxc4 22. Qg5+ f6 23. Qxg7+ Nf7 24. Rd1 e5 25. Nh4 Qe4+ 26. Kg1 Rhd8
27. Re1 Rg8 0-1

[Event "43rd Guernsey International Open"]
[Site "?"]
[Date "2017.10.18"]
[Round "4"]
[White "Prins, Jan"]
[Black "Le Roux, Jean Pierre"]
[Result "0-1"]
[WhiteElo "2025"]
[BlackElo "2554"]
[PlyCount "68"]
[EventDate "2017.10.15"]
[EventType "swiss"]
[EventRounds "7"]
[SourceDate "2017.11.01"]
[SourceVersionDate "2017.11.01"]

1. d4 Nf6 2. c4 c5 3. d5 b5 4. cxb5 a6 5. bxa6 g6 6. Nc3 Bg7 7. e4 O-O 8. a7
Rxa7 9. Bd3 e6 10. Nge2 exd5 11. exd5 d6 12. O-O Na6 13. Nb5 Rb7 14. a4 Ng4 15.
h3 Ne5 16. f4 Nxd3 17. Qxd3 Nb4 18. Qf3 Re8 19. Ng3 Nc2 20. Rb1 f5 21. Kh2 Rbe7
22. Bd2 Bb7 23. b4 c4 24. Rf2 Ne3 25. Bxe3 Rxe3 26. Qd1 Qb6 27. Re2 Rxe2 28.
Nxe2 Qf2 29. Nbc3 Re3 30. Rc1 Bxc3 31. Nxc3 Qg3+ 32. Kh1 Rxc3 33. Rxc3 Qxc3 34.
Qe2 Qc1+ 0-1

[Event "43rd Guernsey International Open"]
[Site "?"]
[Date "2017.10.18"]
[Round "4"]
[White "Hillarp Persson, Tiger"]
[Black "Mack, Wolfgang"]
[Result "1-0"]
[WhiteElo "2517"]
[BlackElo "2149"]
[PlyCount "115"]
[EventDate "2017.10.15"]
[EventType "swiss"]
[EventRounds "7"]
[SourceDate "2017.11.01"]
[SourceVersionDate "2017.11.01"]

1. d4 g6 2. e4 Bg7 3. Nf3 c6 4. h3 d5 5. e5 Nh6 6. Bf4 f6 7. c4 O-O 8. Nc3 Be6
9. cxd5 cxd5 10. Qd2 Nf7 11. Bb5 Nd7 12. Qe2 a6 13. Ba4 b5 14. Bc2 Re8 15. O-O
Nb6 16. Rfe1 Bh6 17. Bxh6 Nxh6 18. Bd3 Bf5 19. a4 b4 20. a5 bxc3 21. Bxf5 Nxf5
22. axb6 Qxb6 23. bxc3 Qb5 24. Qd2 Rac8 25. Ra3 Kf7 26. Qa2 Qc4 27. Qxc4 Rxc4
28. Rb1 Rec8 29. Rbb3 R4c6 30. Kf1 Ng7 31. exf6 exf6 32. Rb7+ Kf8 33. Rd7 Rxc3
34. Rxa6 Nh5 35. Ne1 Re8 36. g4 Rxh3 37. gxh5 Rh1+ 38. Kg2 Rhxe1 39. hxg6 R1e7
40. gxh7 Kg7 41. Rxd5 Rh8 42. Rf5 Rf7 43. Rf3 Kg6 44. Rg3+ Kf5 45. Ra5+ Kf4 46.
Rf3+ Ke4 47. Raf5 Rg7+ 48. Kf1 Kxd4 49. R3f4+ Kc3 50. Rc5+ Kd3 51. Rd5+ Kc3 52.
Rxf6 Kc4 53. Rh5 Kd4 54. Rf4+ Kd3 55. Rh3+ Kd2 56. Rd4+ Kc2 57. Rc4+ Kd2 58.
Rhh4 1-0

[Event "43rd Guernsey International Open"]
[Site "?"]
[Date "2017.10.18"]
[Round "4"]
[White "Johnsen, Gunnar"]
[Black "Hoogland, Dirk"]
[Result "1-0"]
[WhiteElo "2178"]
[BlackElo "2098"]
[PlyCount "45"]
[EventDate "2017.10.15"]
[EventType "swiss"]
[EventRounds "7"]
[SourceDate "2017.11.01"]
[SourceVersionDate "2017.11.01"]

1. d4 Nf6 2. c4 e6 3. Nc3 Bb4 4. Bg5 d5 5. cxd5 exd5 6. e3 O-O 7. Bd3 h6 8. Bh4
c5 9. Nge2 c4 10. Bc2 Re8 11. O-O Bxc3 12. Nxc3 g5 13. Bg3 a6 14. a4 Nc6 15. f4
Nb4 16. fxg5 hxg5 17. Be5 Ng4 18. Qf3 Nxe5 19. dxe5 Be6 20. Bf5 Qe7 21. Qh5 Qd7
22. Qh7+ Kf8 23. Bxe6 1-0

[Event "43rd Guernsey International Open"]
[Site "?"]
[Date "2017.10.18"]
[Round "4"]
[White "Rosen, Daniel B"]
[Black "Jackson, Oliver A"]
[Result "0-1"]
[WhiteElo "2042"]
[BlackElo "2168"]
[PlyCount "52"]
[EventDate "2017.10.15"]
[EventType "swiss"]
[EventRounds "7"]
[SourceDate "2017.11.01"]
[SourceVersionDate "2017.11.01"]

1. e4 c5 2. Nc3 Nc6 3. g3 g6 4. Bg2 Bg7 5. d3 d6 6. Nge2 Nf6 7. O-O h5 8. h4
Bg4 9. Be3 e5 10. Bg5 Qd7 11. Bxf6 Bxf6 12. Nd5 Bg7 13. Ne3 Be6 14. Nc3 f5 15.
exf5 gxf5 16. f4 O-O-O 17. Ncd5 exf4 18. Rxf4 Bd4 19. c3 Bxd5 20. cxd4 Bxg2 21.
Kxg2 Nxd4 22. b4 Rde8 23. Qd2 Re7 24. Re1 Rhe8 25. Rff1 Qc6+ 26. Kh3 Nf3 0-1

[Event "43rd Guernsey International Open"]
[Site "?"]
[Date "2017.10.18"]
[Round "4"]
[White "Whatley, Stephen AJ"]
[Black "Dilleigh, Stephen P"]
[Result "1-0"]
[WhiteElo "2159"]
[BlackElo "2063"]
[PlyCount "57"]
[EventDate "2017.10.15"]
[EventType "swiss"]
[EventRounds "7"]
[SourceDate "2017.11.01"]
[SourceVersionDate "2017.11.01"]

1. e4 e6 2. d4 d5 3. Nd2 c5 4. exd5 Qxd5 5. Ngf3 cxd4 6. Bc4 Qd7 7. O-O Nc6 8.
Nb3 Nf6 9. Nbxd4 Nxd4 10. Nxd4 a6 11. Re1 Bc5 12. c3 b5 13. Bb3 Bb7 14. Bg5
Bxd4 15. cxd4 Qc6 16. d5 Nxd5 17. Qg4 Kf8 18. Rac1 Qb6 19. Red1 Re8 20. Rd3 h6
21. Rh3 Qd6 22. Qd4 Kg8 23. Be3 Rd8 24. Rg3 f6 25. Qg4 Qd7 26. Bb6 h5 27. Qg6
Rh6 28. Qxh6 Nxb6 29. Bxe6+ 1-0

[Event "43rd Guernsey International Open"]
[Site "?"]
[Date "2017.10.18"]
[Round "4"]
[White "Heppell, Ian N"]
[Black "Enkhtuul, Altan Ulzii"]
[Result "0-1"]
[WhiteElo "2034"]
[BlackElo "2327"]
[PlyCount "70"]
[EventDate "2017.10.15"]
[EventType "swiss"]
[EventRounds "7"]
[SourceDate "2017.11.01"]
[SourceVersionDate "2017.11.01"]

1. e4 Nf6 2. e5 Nd5 3. Nc3 e6 4. Bc4 Nb6 5. Be2 d6 6. Nf3 dxe5 7. Nxe5 Bd6 8.
d4 O-O 9. O-O N8d7 10. Bf4 Nf6 11. Bf3 c6 12. Bg3 Nfd5 13. Ne4 Bc7 14. c4 Bxe5
15. dxe5 Nxc4 16. Qe2 Ncb6 17. Rfd1 Qe7 18. Nd6 f5 19. exf6 gxf6 20. Bg4 e5 21.
Nf5 Bxf5 22. Bxf5 Kh8 23. Re1 Qf7 24. Rad1 Rae8 25. Qf3 Ne7 26. Bb1 Nbd5 27.
Re4 Ng6 28. Qf5 Rd8 29. Rde1 Nde7 30. Qh5 Kg8 31. f4 f5 32. Rb4 Nd5 33. fxe5
Nxb4 34. e6 Qe7 35. Bxf5 Qc5+ 0-1

[Event "43rd Guernsey International Open"]
[Site "?"]
[Date "2017.10.18"]
[Round "4"]
[White "Timmermans, Ivo"]
[Black "Collier, David O"]
[Result "1-0"]
[WhiteElo "2126"]
[BlackElo "2015"]
[PlyCount "81"]
[EventDate "2017.10.15"]
[EventType "swiss"]
[EventRounds "7"]
[SourceDate "2017.11.01"]
[SourceVersionDate "2017.11.01"]

1. e4 c5 2. Nf3 d6 3. d4 cxd4 4. Nxd4 Nf6 5. Nc3 a6 6. h3 e5 7. Nde2 h5 8. Bg5
Be6 9. g3 Be7 10. Bg2 Nbd7 11. O-O Rc8 12. Qd2 Qc7 13. Rfe1 O-O 14. f4 b5 15.
f5 Bc4 16. Rac1 b4 17. Nd1 a5 18. b3 Ba6 19. Nf2 Qa7 20. Bf3 d5 21. Kg2 Bc5 22.
Ng1 Bd4 23. Be3 Bxe3 24. Rxe3 d4 25. Ree1 Rc7 26. g4 hxg4 27. hxg4 Rfc8 28. g5
Ne8 29. Bg4 f6 30. Nf3 Nc5 31. Nh4 Qb6 32. Ng6 Nd6 33. gxf6 gxf6 34. Rh1 Nf7
35. Rh4 Nb7 36. Rch1 Rxc2 37. Rh8+ Nxh8 38. Qh6 Bf1+ 39. Kg1 Kf7 40. Qh7+ Ke8
41. Qe7# 1-0

[Event "43rd Guernsey International Open"]
[Site "?"]
[Date "2017.10.18"]
[Round "4"]
[White "Thurlow, Kevin J"]
[Black "Curtis, John E"]
[Result "1/2-1/2"]
[WhiteElo "2009"]
[BlackElo "2093"]
[PlyCount "36"]
[EventDate "2017.10.15"]
[EventType "swiss"]
[EventRounds "7"]
[SourceDate "2017.11.01"]
[SourceVersionDate "2017.11.01"]

1. c4 e5 2. Nc3 d6 3. e3 f5 4. g3 Nf6 5. Bg2 Be7 6. Nge2 O-O 7. d4 Na6 8. a3 c6
9. b4 Nc7 10. b5 e4 11. Qb3 d5 12. cxd5 cxd5 13. h4 Ne6 14. Bh3 g6 15. a4 a5
16. Ba3 Bxa3 17. Rxa3 b6 18. O-O Qd6 1/2-1/2

[Event "43rd Guernsey International Open"]
[Site "?"]
[Date "2017.10.18"]
[Round "4"]
[White "Hamperl, Fred"]
[Black "Munshi, Aditya"]
[Result "1/2-1/2"]
[WhiteElo "2062"]
[BlackElo "1986"]
[PlyCount "58"]
[EventDate "2017.10.15"]
[EventType "swiss"]
[EventRounds "7"]
[SourceDate "2017.11.01"]
[SourceVersionDate "2017.11.01"]

1. e4 c6 2. Nc3 d5 3. Nf3 Nf6 4. Qe2 dxe4 5. Nxe4 Nxe4 6. Qxe4 Qd5 7. Qxd5 cxd5
8. Bb5+ Bd7 9. Bxd7+ Nxd7 10. d4 Rc8 11. c3 e6 12. Bf4 Be7 13. O-O O-O 14. a4
Rc6 15. Rfc1 Rfc8 16. Kf1 f6 17. g4 g5 18. Bg3 Kg7 19. Re1 Nf8 20. h4 h6 21.
Ke2 Rb6 22. Reb1 Ng6 23. h5 Nh8 24. Kd3 Nf7 25. Re1 Nd8 26. Re2 Kf7 27. Rae1
Ra6 28. b3 Rb6 29. Rb1 a5 1/2-1/2

[Event "43rd Guernsey International Open"]
[Site "?"]
[Date "2017.10.18"]
[Round "4"]
[White "Hewson, Brian WR"]
[Black "Purdon, Colin"]
[Result "1/2-1/2"]
[WhiteElo "1995"]
[BlackElo "2047"]
[PlyCount "50"]
[EventDate "2017.10.15"]
[EventType "swiss"]
[EventRounds "7"]
[SourceDate "2017.11.01"]
[SourceVersionDate "2017.11.01"]

1. d4 d5 2. Nf3 Nf6 3. c4 c6 4. e3 Bf5 5. Nc3 e6 6. Nh4 Be4 7. f3 Bg6 8. Nxg6
hxg6 9. Qb3 Qc7 10. Bd2 Nbd7 11. cxd5 exd5 12. Rc1 Nb6 13. f4 a5 14. a4 Bb4 15.
Bd3 O-O 16. O-O Qe7 17. Rf3 Nc8 18. Nb1 Bxd2 19. Nxd2 Nd6 20. h3 Rfe8 21. Qc2
Nde4 22. Bxe4 Nxe4 23. Nxe4 Qxe4 24. Qxe4 Rxe4 25. Rc3 Rae8 1/2-1/2

[Event "43rd Guernsey International Open"]
[Site "?"]
[Date "2017.10.18"]
[Round "4"]
[White "De Kruif, Kees"]
[Black "Bowmer, Kevin"]
[Result "0-1"]
[WhiteElo "1993"]
[BlackElo "2041"]
[PlyCount "79"]
[EventDate "2017.10.15"]
[EventType "swiss"]
[EventRounds "7"]
[SourceDate "2017.11.01"]
[SourceVersionDate "2017.11.01"]

1. c4 g6 2. g3 Bg7 3. Bg2 c5 4. d3 Nc6 5. e4 d6 6. Ne2 Nf6 7. O-O O-O 8. Nbc3
a6 9. f4 Rb8 10. a4 Bd7 11. h3 Ne8 12. f5 Nc7 13. Rb1 b5 14. Bg5 h6 15. Bd2
bxa4 16. Nxa4 Nd4 17. Nxd4 Bxd4+ 18. Kh2 Kh7 19. Nc3 e6 20. fxg6+ fxg6 21. Qc2
Qe7 22. Rf3 Rxf3 23. Bxf3 Rf8 24. Rf1 Be5 25. Ne2 Qg7 26. Bc3 h5 27. Kg2 Rb8
28. Rf2 a5 29. d4 cxd4 30. Bxa5 Na6 31. Qd2 d3 32. Qxd3 Nc5 33. Qd1 Rxb2 34.
Bc7 Ba4 35. Qf1 Nd3 36. Bxd6 Bxd6 37. Qa1 Nxf2 38. Qxa4 Nxh3 39. Qc6 Qd4 40.
Qb7+ 0-1

[Event "43rd Guernsey International Open"]
[Site "?"]
[Date "2017.10.18"]
[Round "4"]
[White "Campbell, Ian"]
[Black "Havenaar, Jan"]
[Result "1/2-1/2"]
[WhiteElo "1990"]
[BlackElo "2030"]
[PlyCount "43"]
[EventDate "2017.10.15"]
[EventType "swiss"]
[EventRounds "7"]
[SourceDate "2017.11.01"]
[SourceVersionDate "2017.11.01"]

1. d4 Nf6 2. Nf3 e6 3. g3 b6 4. Bg2 Bb7 5. O-O c5 6. c3 Be7 7. Nbd2 O-O 8. Re1
Na6 9. a3 Rc8 10. b4 cxd4 11. cxd4 Nc7 12. Bb2 Nb5 13. Rc1 Rxc1 14. Qxc1 Qa8
15. Qc4 Nd6 16. Qd3 Nde4 17. Rc1 Rc8 18. Rxc8+ Qxc8 19. Nxe4 Bxe4 20. Qd2 Qc4
21. Ne5 Qc2 22. Qxc2 1/2-1/2

[Event "43rd Guernsey International Open"]
[Site "?"]
[Date "2017.10.18"]
[Round "4"]
[White "Sedgwick, David R"]
[Black "Wager, John D"]
[Result "1/2-1/2"]
[WhiteElo "1972"]
[BlackElo "2025"]
[PlyCount "119"]
[EventDate "2017.10.15"]
[EventType "swiss"]
[EventRounds "7"]
[SourceDate "2017.11.01"]
[SourceVersionDate "2017.11.01"]

1. e4 c5 2. c3 Nf6 3. e5 Nd5 4. d4 cxd4 5. cxd4 Nc6 6. Nf3 d6 7. Bc4 e6 8. O-O
Nb6 9. Bb3 dxe5 10. dxe5 Qxd1 11. Rxd1 Bd7 12. Nc3 Be7 13. Be3 Na5 14. Ne4 Nxb3
15. axb3 Nd5 16. Rxa7 Rxa7 17. Bxa7 O-O 18. Bc5 Bxc5 19. Nxc5 Bc8 20. h3 b6 21.
Ne4 Ba6 22. Ra1 Bd3 23. Nd6 h6 24. Nd4 Nf4 25. Rd1 Ra8 26. g3 Ne2+ 27. Nxe2
Bxe2 28. Rd2 Bf3 29. g4 Ra1+ 30. Kh2 Bd5 31. Nc4 g5 32. f3 b5 33. Nd6 b4 34.
Ne8 Re1 35. Nf6+ Kg7 36. Nxd5 exd5 37. Rxd5 Re2+ 38. Kg3 Rxb2 39. Rd3 Re2 40.
Rd4 Rxe5 41. Rxb4 Re3 42. Kf2 Rc3 43. Rb6 Kh7 44. b4 Rb3 45. b5 Kg7 46. Rb7 Kg6
47. b6 h5 48. gxh5+ Kxh5 49. Rb8 Kg6 50. b7 Kf5 51. Kg3 f6 52. Kg2 Kf4 53. Rf8
Rb2+ 54. Kf1 Rxb7 55. Rxf6+ Kg3 56. Rf5 Rg7 57. Ke2 Kxh3 58. Kf2 Kh4 59. Rf8
Kh5 60. Kg3 1/2-1/2

[Event "43rd Guernsey International Open"]
[Site "?"]
[Date "2017.10.18"]
[Round "4"]
[White "Maloberti, David"]
[Black "Van Gils, Martin"]
[Result "1-0"]
[WhiteElo "2132"]
[BlackElo "1978"]
[PlyCount "127"]
[EventDate "2017.10.15"]
[EventType "swiss"]
[EventRounds "7"]
[SourceDate "2017.11.01"]
[SourceVersionDate "2017.11.01"]

1. d4 c5 2. d5 Nf6 3. c4 Ne4 4. Nd2 Qa5 5. Qc2 f5 6. f3 Nd6 7. e4 g6 8. Bd3 Na6
9. a3 e6 10. Ne2 Bg7 11. O-O O-O 12. Nb3 Qd8 13. Be3 b6 14. dxe6 dxe6 15. Rad1
Qe7 16. Qd2 Nf7 17. Nc3 Bb7 18. exf5 gxf5 19. Rfe1 Qf6 20. Qc2 Nc7 21. Nd2 Bc6
22. Be2 Rad8 23. Nf1 Qh4 24. Rxd8 Rxd8 25. Rd1 Bd4 26. Bxd4 Rxd4 27. Bd3 Qd8
28. Ne2 Rd6 29. Nf4 Ne5 30. Qc3 Rd4 31. Be2 Nxf3+ 32. Bxf3 Rxd1 33. Bxc6 Qd4+
34. Qxd4 Rxd4 35. g3 Rxc4 36. Nxe6 Nxe6 37. Bd5 Rc2 38. Bxe6+ Kg7 39. b3 Kf6
40. Bc4 Rc3 41. Nd2 h6 42. Kf2 Ke5 43. Ke2 f4 44. g4 Re3+ 45. Kf2 Kd4 46. a4
Rc3 47. h4 Rc2 48. Ke2 f3+ 49. Kd1 Rc3 50. Nf1 a6 51. g5 hxg5 52. hxg5 b5 53.
axb5 axb5 54. g6 bxc4 55. g7 cxb3 56. g8=Q b2 57. Qg7+ Kc4 58. Nd2+ Kd3 59.
Qg6+ Ke3 60. Qe6+ Kf2 61. Ne4+ Kg2 62. Qg4+ Kh1 63. Qh3+ Kg1 64. Qg3+ 1-0

[Event "43rd Guernsey International Open"]
[Site "?"]
[Date "2017.10.18"]
[Round "4"]
[White "Reijneveld, Ad"]
[Black "Dijksterhuis, Rolf"]
[Result "1/2-1/2"]
[WhiteElo "2078"]
[BlackElo "1955"]
[PlyCount "49"]
[EventDate "2017.10.15"]
[EventType "swiss"]
[EventRounds "7"]
[SourceDate "2017.11.01"]
[SourceVersionDate "2017.11.01"]

1. e4 e5 2. Nf3 Nc6 3. Bb5 a6 4. Ba4 b5 5. Bb3 Nf6 6. d3 Be7 7. Nbd2 d6 8. c3
O-O 9. Nf1 Na5 10. Bc2 c5 11. Ng3 Re8 12. O-O Qc7 13. h3 Bb7 14. Nf5 Bf8 15.
Bg5 Nd7 16. Re1 Nc6 17. Nh2 Ne7 18. Bxe7 Bxe7 19. Ng4 Nf6 20. Bb3 Nxg4 21. Qxg4
g6 22. Ne3 Bc8 23. Qf3 Be6 24. Bd5 Rab8 25. Bxe6 1/2-1/2

[Event "43rd Guernsey International Open"]
[Site "?"]
[Date "2017.10.18"]
[Round "4"]
[White "Milnes, Anthony CP"]
[Black "Shaw, Meyrick"]
[Result "1-0"]
[WhiteElo "2041"]
[BlackElo "1954"]
[PlyCount "57"]
[EventDate "2017.10.15"]
[EventType "swiss"]
[EventRounds "7"]
[SourceDate "2017.11.01"]
[SourceVersionDate "2017.11.01"]

1. f4 d5 2. Nf3 e6 3. e3 Nf6 4. Be2 Bc5 5. O-O Nc6 6. d4 Bb6 7. b3 Ne7 8. c4 c5
9. Nc3 Bd7 10. Bd3 Bc6 11. cxd5 Nexd5 12. Nxd5 Qxd5 13. Bc4 Qe4 14. Bd3 Qd5 15.
Bc4 Qd8 16. Bb2 Ng4 17. Qe2 Qc7 18. Ne5 Nxe5 19. dxe5 O-O 20. e4 Ba5 21. f5
exf5 22. exf5 Rad8 23. Rad1 Rxd1 24. Rxd1 Rd8 25. Rxd8+ Qxd8 26. e6 Kf8 27. Qh5
Be8 28. exf7 Bc6 29. f6 1-0

[Event "43rd Guernsey International Open"]
[Site "?"]
[Date "2017.10.18"]
[Round "4"]
[White "Morcom, Huw"]
[Black "Kraft, Karl Heinz"]
[Result "0-1"]
[WhiteElo "1936"]
[BlackElo "2036"]
[PlyCount "66"]
[EventDate "2017.10.15"]
[EventType "swiss"]
[EventRounds "7"]
[SourceDate "2017.11.01"]
[SourceVersionDate "2017.11.01"]

1. e4 e6 2. d3 d5 3. Nd2 Nf6 4. Ngf3 Nc6 5. Be2 dxe4 6. dxe4 Bc5 7. O-O O-O 8.
a3 a5 9. b3 e5 10. Bb2 Qe7 11. Bd3 Bg4 12. h3 Bh5 13. c3 Rad8 14. Qc2 Rd7 15.
b4 Rfd8 16. Bb5 Bb6 17. Bc1 Bg6 18. Nh4 Rxd2 19. Bxd2 Bxe4 20. Qc1 Nd5 21. Bg5
f6 22. Bxc6 bxc6 23. Bd2 g5 24. Nf3 Bxf3 25. gxf3 Qd7 26. Kg2 Kh8 27. c4 Ne7
28. Be3 Bd4 29. Ra2 axb4 30. axb4 Nf5 31. Rh1 Nh4+ 32. Kf1 Bxe3 33. fxe3 Qd1+
0-1

[Event "43rd Guernsey International Open"]
[Site "?"]
[Date "2017.10.18"]
[Round "4"]
[White "Boerkamp, Harry"]
[Black "Vorstermans, Peter"]
[Result "1/2-1/2"]
[WhiteElo "1896"]
[BlackElo "2007"]
[PlyCount "24"]
[EventDate "2017.10.15"]
[EventType "swiss"]
[EventRounds "7"]
[SourceDate "2017.11.01"]
[SourceVersionDate "2017.11.01"]

1. e4 d5 2. exd5 Qxd5 3. Nc3 Qd6 4. Nf3 Nf6 5. d4 a6 6. h3 Nc6 7. Bc4 e6 8. Be3
b5 9. Bd3 Nb4 10. Be2 Nbd5 11. Nxd5 Nxd5 12. Bd2 Nf4 1/2-1/2

[Event "43rd Guernsey International Open"]
[Site "?"]
[Date "2017.10.18"]
[Round "4"]
[White "Goris, Ton"]
[Black "Fassaert, Desire JM"]
[Result "0-1"]
[WhiteElo "2006"]
[BlackElo "1923"]
[PlyCount "140"]
[EventDate "2017.10.15"]
[EventType "swiss"]
[EventRounds "7"]
[SourceDate "2017.11.01"]
[SourceVersionDate "2017.11.01"]

1. e4 c6 2. Ne2 d5 3. e5 c5 4. d4 Nc6 5. c3 Bf5 6. dxc5 Nxe5 7. Nd4 Bd7 8. b4
Nf6 9. Bf4 Ng6 10. Bg3 a6 11. Be2 Ne4 12. O-O e6 13. Qc2 Be7 14. Nd2 Nxg3 15.
fxg3 O-O 16. Rae1 Qc7 17. Kh1 b6 18. cxb6 Qxb6 19. a3 Rfc8 20. Qb2 Bf6 21. Nb1
Ne5 22. Nd2 Ba4 23. h3 Be8 24. Rb1 Ra7 25. N2b3 Nc4 26. Bxc4 Rxc4 27. Nc5 a5
28. Qd2 axb4 29. axb4 Ra3 30. Rb3 Rxb3 31. Ncxb3 Rc8 32. Ra1 Qc7 33. b5 e5 34.
Nf5 Bxb5 35. Qxd5 Bc4 36. Qd1 Be6 37. Nh4 Qxc3 38. Rc1 Qxg3 39. Nf3 Rxc1 40.
Nxc1 g6 41. Qe2 Bd5 42. Qf1 Qf4 43. Ne2 Qe3 44. Ng3 e4 45. Qe1 Qd3 46. Nd2 Bh4
47. Ndf1 f5 48. Qf2 Bc4 49. Qf4 Bf6 50. Nd2 Bd5 51. Ndf1 Bf7 52. Kh2 Qc3 53.
Kh1 Be5 54. Qf2 Bc4 55. h4 Qa1 56. Ne2 Qb2 57. Nfg3 Bxg3 58. Qxg3 Qxe2 59. Qb8+
Kg7 60. Qe5+ Kf7 61. Qc7+ Ke6 62. Qxh7 Qf1+ 63. Kh2 Qf4+ 64. Kh1 Kd5 65. Qb7+
Kd4 66. Qg7+ Kd3 67. Qd7+ Ke2 68. Qe7 Kf2 69. Qa7+ e3 70. Qe7 Qg3 0-1

[Event "43rd Guernsey International Open"]
[Site "?"]
[Date "2017.10.18"]
[Round "4"]
[White "Van Dijk, Bram"]
[Black "Winter, Kevin"]
[Result "1-0"]
[WhiteElo "1999"]
[BlackElo "1774"]
[PlyCount "63"]
[EventDate "2017.10.15"]
[EventType "swiss"]
[EventRounds "7"]
[SourceDate "2017.11.01"]
[SourceVersionDate "2017.11.01"]

1. e4 d6 2. d4 Nf6 3. Nc3 Nbd7 4. g3 e5 5. Nge2 Be7 6. Bg2 O-O 7. h3 c6 8. a4
a5 9. O-O Re8 10. g4 h6 11. Be3 Nh7 12. f4 exd4 13. Nxd4 Nc5 14. Qf3 Rf8 15.
Rad1 Qe8 16. Qg3 Qd8 17. Nf3 Qe8 18. g5 Kh8 19. h4 h5 20. Rfe1 Bg4 21. Rd2 Rd8
22. f5 Rg8 23. Nh2 d5 24. Nxg4 hxg4 25. Qxg4 dxe4 26. Nxe4 Nxe4 27. Bxe4 Rxd2
28. Bxd2 Qd7 29. Bc3 Nf6 30. Bxf6 gxf6 31. Qh5+ Kg7 32. Qh6# 1-0

[Event "43rd Guernsey International Open"]
[Site "?"]
[Date "2017.10.18"]
[Round "4"]
[White "Bakker, Joop"]
[Black "Sielicki, Tomasz"]
[Result "1/2-1/2"]
[WhiteElo "1853"]
[BlackElo "1997"]
[PlyCount "93"]
[EventDate "2017.10.15"]
[EventType "swiss"]
[EventRounds "7"]
[SourceDate "2017.11.01"]
[SourceVersionDate "2017.11.01"]

1. e4 e5 2. Nc3 Nf6 3. f4 d5 4. fxe5 Nxe4 5. Nf3 Bc5 6. d4 Bb4 7. Bd2 Bg4 8.
Be2 Bxf3 9. Bxf3 Qh4+ 10. g3 Nxg3 11. hxg3 Qxg3+ 12. Kf1 Nc6 13. Be1 Qg6 14.
Bf2 O-O-O 15. Bh5 Qg5 16. Qg4+ Qxg4 17. Bxg4+ Kb8 18. Ne2 Be7 19. Ng3 g6 20. c3
h5 21. Bd1 Rd7 22. Ne2 Bg5 23. Bh4 Bxh4 24. Rxh4 Nd8 25. Ng3 Rf8 26. Rf4 f5 27.
exf6 Ne6 28. Rf2 Rdf7 29. Kg1 Ng5 30. Kg2 h4 31. Nh1 Ne4 32. Rf1 Nxf6 33. Bc2
Kc8 34. Rae1 Nh5 35. Rxf7 Rxf7 36. Re3 Nf4+ 37. Kg1 Kd7 38. Bd1 Kd6 39. Bg4 c5
40. dxc5+ Kxc5 41. Nf2 d4 42. Nd3+ Nxd3 43. Rxd3 dxc3 44. Rxc3+ Kd4 45. Kg2 b5
46. Rf3 Rc7 47. Rf2 1/2-1/2